000 00707nam a22002177a 4500
003 OSt
005 20260310234919.0
008 260310b |||||||| |||| 00| 0 eng d
020 _a978-0-448-09554-7
040 _aDWCL GS lib
_cOC
082 _2 K26s 1976
100 _aCAROLYN KEENE
245 _aThe strange message in the parchment
_cCAROLYN KEENE
260 _aNew York
_bGrosset & Dunlap
_c1977
300 _avii, 180 pages:
_billustrations
_c19cm.
520 _a follows Nancy Drew as she helps a sheep farmer decode a message in recently purchased paintings to right a "great wrong".
546 _aEnglish
650 _2The Context
650 _2The Request
942 _2ddc
_cFIC.
_hFic.
_n0
999 _c8890
_d8890